00836cas a22002657a 450000500170000000800410001701000100005801100100006802200140007803500100009224500700010226000610017230000070023331000140024036200150025450000510026965000680032065000640038886600170045286600190046986600310048886600160051986600200053586600150055520220329142126.0990825d1970 mx zr pernn 0 uub1spa d a78839 a798110 a0186-3398 a9021700aCarta de México :bSeparatac/por Presidencia de la República0 aMéxico, D.F. :bPresidencia de la República,c1970?- av. aIrregular1 an.37, 1976 aSe dejó de recibir a partir del n.37 de 197614aMéxicoxCondiciones económicasxPublicaciones periódicas.14aMéxicoxCondiciones socialesxPublicaciones periódicas. an.1-4 (1971) an.10-17 (1973) an.18-26, 28-34 (1974-1975) an.37 (1976) an.5-7, 9 (1972) an.8 (1972)